000 00445cam a2200193 4500
001 D7615
008 090401t1976 xxu||||| |||| 00| 0 eng d
035 _a(Sirsi) u8456
041 _aeng
050 _a333.1
100 _aNutley, W.G.
245 4 _aThe Community Land Act 1975
260 _aLondon
_bEstates Gazette
_c1976
300 _axix. 570p. 23cm
350 _a8.5
700 _aBeaumont, C.H.
942 _n0
948 _c04/03/1997
999 _c86515
_d86515